Undergraduate instrumental analysis / (Record no. 22447)

MARC details
000 -LEADER
fixed length control field 01847cam a2200349 i 4500
001 - CONTROL NUMBER
control field 17924236
003 - CONTROL NUMBER IDENTIFIER
control field EG-ScBUE
005 - DATE AND TIME OF LATEST TRANSACTION
control field 20250729103218.0
008 - FIXED-LENGTH DATA ELEMENTS--GENERAL INFORMATION
fixed length control field 131031t2014 flua f b 001 0 eng d
020 ## - INTERNATIONAL STANDARD BOOK NUMBER
International Standard Book Number 9781420061352
020 ## - INTERNATIONAL STANDARD BOOK NUMBER
International Standard Book Number 1420061356
040 ## - CATALOGING SOURCE
Original cataloging agency DLC
Language of cataloging eng
Description conventions rda
Transcribing agency DLC
Modifying agency DLC
-- EG-ScBUE
082 04 - DEWEY DECIMAL CLASSIFICATION NUMBER
Classification number 543
Edition number 22
Item number ROB
100 1# - MAIN ENTRY--PERSONAL NAME
Personal name Robinson, James W.,
Dates associated with a name 1923-
Relator term author.
9 (RLIN) 41313
245 10 - TITLE STATEMENT
Title Undergraduate instrumental analysis /
Statement of responsibility, etc James W. Robinson, Eileen Skelly Frame, George M. Frame II.
250 ## - EDITION STATEMENT
Edition statement Seventh edition.
264 #1 - PUBLICATION, DISTRIBUTION, ETC. (IMPRINT)
Place of publication, distribution, etc Boca Raton :
Name of publisher, distributor, etc CRC Press / Taylor & Francis Group,
Date of publication, distribution, etc [2014]
264 #4 - PUBLICATION, DISTRIBUTION, ETC. (IMPRINT)
Date of publication, distribution, etc c2014
300 ## - PHYSICAL DESCRIPTION
Extent xxix, 1231 pages :
Other physical details illustrations ;
Dimensions 27 cm
336 ## - CONTENT TYPE
Source rdacontent
Content type term text
Content type code txt
337 ## - MEDIA TYPE
Media type term unmediated
Source rdamedia
Media type code n
338 ## - CARRIER TYPE
Carrier type term volume
Carrier type code nc
Source rdacarrier
504 ## - BIBLIOGRAPHY, ETC. NOTE
Bibliography, etc Includes bibliographical references and index.<br/>
520 ## - SUMMARY, ETC.
Summary, etc "Building on the success of previous editions, Undergraduate Instrumental Analysis: Seventh Edition expands and revises its coverage to provide the latest information on the newest techniques, such as cavity ringdown spectroscopy and LIBS. This book features details on XRD and its uses in materials analysis as well as additional material on surface analysis. Application chapters focus on the analysis of nanomaterials and chemical and biological warfare agents; in particular, these chapters discuss hyphenates techniques for these materials (like LCMS, GCMS, and LC-ICPMS). The text integrates experiments and problem sets, including those requiring the use of spreadsheet programs such as Excel"--
650 #7 - SUBJECT ADDED ENTRY--TOPICAL TERM
Topical term or geographic name as entry element Instrumental analysis.
Source of heading or term BUEsh
9 (RLIN) 26916
651 ## - SUBJECT ADDED ENTRY--GEOGRAPHIC NAME
Source of heading or term BUEsh
653 ## - INDEX TERM--UNCONTROLLED
Resource For college Pharmacy
Arrived date list October2016
655 ## - INDEX TERM--GENRE/FORM
Form subdivision Reading book
700 1# - ADDED ENTRY--PERSONAL NAME
Personal name Frame, Eileen M. Skelly,
Dates associated with a name 1953-
Relator term author.
700 1# - ADDED ENTRY--PERSONAL NAME
Personal name Frame, George M.,
Titles and other words associated with a name II,
Relator term author.
942 ## - ADDED ENTRY ELEMENTS (KOHA)
Source of classification or shelving scheme Dewey Decimal Classification
Koha item type Book - Borrowing
Holdings
Withdrawn status Lost status Source of classification or shelving scheme Damaged status Not for loan Collection code Home library Current library Shelving location Date acquired Source of acquisition Total Checkouts Full call number Barcode Date last seen Price effective from Koha item type
    Dewey Decimal Classification     Baccah Central Library Central Library First floor 03/10/2016 Purchase   543 ROB 000033812 15/07/2025 03/10/2016 Book - Borrowing
    Dewey Decimal Classification     Baccah Central Library Central Library First floor 03/10/2016 Purchase   543 ROB 000033813 15/07/2025 03/10/2016 Book - Borrowing
    Dewey Decimal Classification     Baccah Central Library Central Library First floor 10/10/2016 Purchase   543 ROB 000033967 15/07/2025 10/10/2016 Book - Borrowing